Сборник научных трудов [Томского электромеханического института инженеров железнодорожного транспорта]: [сборник]

書誌詳細
前タイトル:Труды Томского электромеханического института инженеров железнодорожного транспорта
団体著者: Томский электромеханический институт инженеров железнодорожного транспорта (ТЭМИИТ)
言語:ロシア語
出版事項: Томск, Изд-во Томского ун-та, [1955]-
フォーマット: MixedMaterials 図書
KOHA link:https://koha.lib.tpu.ru/cgi-bin/koha/opac-detail.pl?biblionumber=251285

MARC

LEADER 00000nam1a2200000 4500
001 251285
005 20231031213453.0
035 |a (RuTPU)RU\TPU\book\273561 
035 |a RU\TPU\book\272631 
035 |a RU\TPU\book\273274 
090 |a 251285 
100 |a 20140213c1955 k y0rusy50 ca 
101 0 |a rus 
102 |a RU 
200 1 |a Сборник научных трудов [Томского электромеханического института инженеров железнодорожного транспорта]  |e [сборник]  |f Томский электромеханический институт инженеров железнодорожного транспорта (ТЭМИИТ) 
210 |a Томск  |c Изд-во Томского ун-та  |d [1955]-  
430 1 |0 (RuTPU)RU\TPU\book\273274  |t Труды Томского электромеханического института инженеров железнодорожного транспорта  |o [сборник]  |f СССР, Министерство путей сообщения (МПС) ; Томский электромеханический институт инженеров железнодорожного транспорта (ТЭМИИТ)  |c Томск  |d 1946- 
520 1 |a Труды Томского электромеханического института инженеров железнодорожного транспорта 
712 0 2 |a Томский электромеханический институт инженеров железнодорожного транспорта (ТЭМИИТ)  |c (1932-1961)  |2 stltpush  |3 (RuTPU)RU\TPU\col\13427 
801 1 |a RU  |b 63413507  |c 20140220 
801 2 |a RU  |b 63413507  |c 20160328  |g RCR 
942 |c BK